00455nam a2200157Ia 4500001000500000005001700005008004100022041000800063082001600071100002600087245013100113260000900244300002800253650000800281654000800289515620260306145847.0260306t2004||||xx |||||||||||||| ||spa|| aESP a336.07bP44 aPérez, CarlotaeAUT 0aRevoluciones tecnológicas y capital financiero:bla dinámica de las grandes burbujas financieras y las épocas de bonanza c2004 a269 páginas :c21 cm. aGEN aCAN